Normal view
MARC view
- Revueltas, José,
Entry Nombre Personal
001 - NUMERO DE CONTROL
- campo de control: 18346
003 - IDENTIFICADOR DE NUMERO DE CONTROL
- campo de control: UPN
005 - FECHA Y HORA DE LA ÜLTIMA TRANSACCIÓN
- campo de control: 20220809105351.0
008 - DATOS DE LONGITUD FIJA
- campo de control de longitud fija: 220809n||acnnnbabn | ana |d
035 ## - NUMERO DE CONTROL
- Número de control: UPN10000018354
040 ## - FUENTE DE CATALOGACIÓN
- Agencia original de catalogación: UPN
- Lenguaje de catalogación: spa
- Agencia de transcripción: UPN
100 1# - ENCABEZAMIENTO - NOMBRE PERSONAL
- Nombre personal: Revueltas, José,
- Fechas asociadas con el nombre: 1914-1976
- Subdivisión temática general : Crítica e interpretación
670 ## - FUENTE EN LA QUE SE LOCALIZARON DATOS
- Cita de la fuente: T/P
- Información localizada: Diccionario Porrúa de Historia, Biografía y Geografía de México
